Principles of industrial management case book /

Guardat en:
Dades bibliogràfiques
Autor principal: Ziegler, Raymond J.
Format: Llibre
Idioma:English
Publicat: New York : Macmillan, 1961.
Matèries:
LEADER 00751nam a22002051a 4500
001 c000371991
003 CARM
005 00000000000000.0
008 851211s1961 nyua 00010 eng d
019 1 |a 4186880  |5 LACONCORD2021 
035 |a (OCoLC)519007  |5 LACONCORD2021 
100 1 |a Ziegler, Raymond J. 
245 1 0 |a Principles of industrial management case book /  |c Raymond J. Ziegler. 
260 |a New York :  |b Macmillan,  |c 1961. 
300 |a xii, 246 p. :  |b ill. 
650 0 |a Industrial management. 
852 8 |b CARM  |h A1:AP18B0  |i B07372  |p 0347212  |f BK 
082 0 4 |a 658 
999 f f |i 93c0a938-fc44-546f-b306-37d89a4bb208  |s 055de20c-0c95-5f04-84dc-13c656d11cfa 
952 f f |p Can circulate  |a CAVAL  |b CAVAL  |c CAVAL  |d CARM 1 Store  |e B07372  |f A1:AP18B0  |h Other scheme  |i book  |m 0347212